=LDR 00000nam 2200000 4500 =001 INLIS000000000022702 =005 20130612121432 =008 ***********************************Ind** =035 ##$$0010-061300000022702 =041 ##$$a Ind =082 ##$$a 370 =090 ##$$a 370, Sur p =100 ##$$a Suryadi, Ace =245 ##$$a Pendidikan, investasi SDM dan Pembangunan, isu, teori, dan aplikasi, Ace Suryadi =260 ##$$a 1999 $b Jakarta =300 ##$$a xix, 320 hlm, 21 cm =650 ##$$a Pendidikan - SDM =850 ##$$a NBPNMAT